[Event "GER-ch U25-C"]
[Site "Willingen"]
[Date "2019.06.15"]
[Round "9"]
[White "Ott, Linda"]
[Black "Weiss, Adrian"]
[Result "1-0"]
[WhiteElo "1122"]
[BlackElo "774"]
[PlyCount "61"]
[EventDate "2019.06.08"]
[EventType "swiss"]
[EventRounds "9"]
[EventCountry "GER"]
[SourceTitle "EXT 2020"]
[Source "ChessBase"]
[SourceDate "2019.10.17"]
[SourceVersion "1"]
[SourceVersionDate "2019.10.17"]
[SourceQuality "1"]

1. e4 d5 2. exd5 Qxd5 3. Nc3 Qa5 4. Bc4 Nc6 5. Nf3 Bg4 6. 0-0 Qh5 7. Bd5 Nd4 8. Bxb7 c6 9. Bxa8 Bxf3 10. Bxc6+ Nxc6 11. Qxf3 Qxf3 12. gxf3 Nd4 13. Kg2 Nxc2 14. Rb1 Nd4 15. d3 e6 16. Bg5 h6 17. Bf4 Nf6 18. Rbc1 Be7 19. Ne4 0-0 20. Rc7 Bd8 21. Nxf6+ Bxf6 22. Re1 Rd8 23. Be5 Bxe5 24. Rxe5 f6 25. Ra5 e5 26. Ra4 g5 27. Rcxa7 Nb5 28. Ra8 Rxa8 29. Rxa8+ Kg7 30. a4 Nc7 31. Ra7 1-0

[Event "GER-ch U25-C"]
[Site "Willingen"]
[Date "2019.06.12"]
[Round "6"]
[White "Ott, Linda"]
[Black "Engels, Marlene"]
[Result "0-1"]
[WhiteElo "1122"]
[BlackElo "1263"]
[PlyCount "72"]
[EventDate "2019.06.08"]
[EventType "swiss"]
[EventRounds "9"]
[EventCountry "GER"]
[SourceTitle "CBM 191 Extra"]
[Source "ChessBase"]
[SourceDate "2019.09.30"]
[SourceVersion "1"]
[SourceVersionDate "2019.09.30"]
[SourceQuality "1"]

1. e4 d6 2. Nf3 Nd7 3. Bb5 c6 4. Ba4 Ngf6 5. d3 e5 6. c3 Qc7 7. Be3 Be7 8. Nbd2 h6 9. Nh4 g6 10. Bb3 Nf8 11. h3 g5 12. Nf5 Bxf5 13. exf5 Qd7 14. Qf3 d5 15. d4 e4 16. Qe2 Qxf5 17. 0-0-0 N8d7 18. g4 Qe6 19. f4 gxf4 20. Bxf4 b5 21. g5 hxg5 22. Bxg5 Rxh3 23. Qg2 Rxh1 24. Rxh1 0-0-0 25. Rh6 e3 26. Nf3 e2 27. Qh1 Bf8 28. Bxf6 Nxf6 29. Rh2 Qe3+ 30. Kb1 Re8 31. Ne1 Ne4 32. Ng2 Qd2 33. Rh7 Nf2 34. Qg1 e1Q+ 35. Nxe1 Rxe1+ 36. Qxe1 Qxe1+ 0-1

[Event "GER-ch U25-C"]
[Site "Willingen"]
[Date "2019.06.11"]
[Round "4"]
[White "Burger, Daiana"]
[Black "Ott, Linda"]
[Result "0-1"]
[WhiteElo "1366"]
[BlackElo "1122"]
[PlyCount "74"]
[EventDate "2019.06.08"]
[EventType "swiss"]
[EventRounds "9"]
[EventCountry "GER"]
[SourceTitle "CBM 191 Extra"]
[Source "ChessBase"]
[SourceDate "2019.09.30"]
[SourceVersion "1"]
[SourceVersionDate "2019.09.30"]
[SourceQuality "1"]

1. e4 e5 2. Nf3 Nc6 3. Bc4 Bc5 4. d3 h6 5. Nc3 d6 6. h3 Nf6 7. Na4 0-0 8. Nxc5 dxc5 9. Be3 b6 10. Qd2 a6 11. g4 b5 12. g5 bxc4 13. gxh6 g6 14. 0-0-0 cxd3 15. Bxc5 Re8 16. Ng5 dxc2 17. Qxc2 Nd7 18. h7+ Kg7 19. Be3 Nd4 20. Bxd4 Qxg5+ 21. Be3 Qf6 22. Kb1 Nb8 23. Qxc7 Qc6 24. Qa5 Qxe4+ 25. Ka1 Nc6 26. Qc3 Rd8 27. Rde1 Qa4 28. h4 Nb4 29. Qxe5+ Kxh7 30. a3 Nc2+ 31. Kb1 Nxe1 32. h5 Rd1+ 33. Bc1 Qc2+ 34. Ka2 Be6+ 35. Qxe6 fxe6 36. hxg6+ Kxg6 37. Rg1+ Kf7 0-1

[Event "GER-ch U25-B"]
[Site "Willingen"]
[Date "2017.06.09"]
[Round "8"]
[White "Ott, Linda"]
[Black "Winterberg, Martin"]
[Result "0-1"]
[WhiteElo "1018"]
[BlackElo "1207"]
[PlyCount "42"]
[EventDate "2017.06.04"]
[EventType "swiss"]
[EventRounds "9"]
[EventCountry "GER"]
[SourceTitle "CBM 178 Extra"]
[Source "ChessBase"]
[SourceDate "2017.06.22"]
[SourceVersion "1"]
[SourceVersionDate "2017.06.22"]
[SourceQuality "1"]

1. e4 c5 2. Nc3 Nc6 3. Bb5 d6 4. h3 g6 5. d3 Nf6 6. Bg5 Bg7 7. f4 0-0 8. Qd2 Nd4 9. 0-0-0 Qb6 10. Bc4 Be6 11. Bxe6 fxe6 12. h4 Nh5 13. g4 Nf6 14. Bxf6 exf6 15. h5 gxh5 16. Rxh5 h6 17. g5 fxg5 18. fxg5 hxg5 19. Qxg5 Rf7 20. Nh3 Raf8 21. Kd2 Nf3+ 0-1

[Event "GER-ch U25-B"]
[Site "Willingen"]
[Date "2017.06.06"]
[Round "4"]
[White "Ott, Linda"]
[Black "Koeber, Simon"]
[Result "1-0"]
[WhiteElo "1018"]
[BlackElo "1232"]
[PlyCount "83"]
[EventDate "2017.06.04"]
[EventType "swiss"]
[EventRounds "9"]
[EventCountry "GER"]
[SourceTitle "CBM 178 Extra"]
[Source "ChessBase"]
[SourceDate "2017.06.22"]
[SourceVersion "1"]
[SourceVersionDate "2017.06.22"]
[SourceQuality "1"]

1. e4 e5 2. Nf3 Nc6 3. Bb5 a6 4. Ba4 b5 5. Bb3 Nf6 6. d3 Bc5 7. h3 d6 8. c3 0-0 9. 0-0 Be6 10. Bc2 Qd7 11. Ng5 h6 12. Nxe6 fxe6 13. Qf3 d5 14. Qg3 Kh7 15. Nd2 Rf7 16. Nf3 Qe7 17. Nh4 g6 18. Qxg6+ Kh8 19. Qxh6+ Kg8 20. Ng6 Rh7 21. Nxe7+ Bxe7 22. Qg5+ Kh8 23. Re1 Rg8 24. Qd2 Rxh3 25. Re3 Rh6 26. Rg3 Rhg6 27. Rxg6 Rxg6 28. exd5 exd5 29. d4 e4 30. Qf4 Bd6 31. Qf5 Ne7 32. Qh3+ Kg7 33. g3 Ng4 34. Bd1 e3 35. Bxg4 exf2+ 36. Kf1 Nf5 37. Bxf5 Rxg3 38. Qh7+ Kf6 39. Kxf2 a5 40. Bh6 b4 41. Qd7 bxc3 42. Qe6# 1-0

[Event "GER-ch U25-B"]
[Site "Willingen"]
[Date "2017.06.04"]
[Round "1"]
[White "Bakalarz, Adrian"]
[Black "Ott, Linda"]
[Result "1-0"]
[WhiteElo "1155"]
[BlackElo "1018"]
[PlyCount "29"]
[EventDate "2017.06.04"]
[EventType "swiss"]
[EventRounds "9"]
[EventCountry "GER"]
[SourceTitle "CBM 178 Extra"]
[Source "ChessBase"]
[SourceDate "2017.06.22"]
[SourceVersion "1"]
[SourceVersionDate "2017.06.22"]
[SourceQuality "1"]

1. e4 e5 2. d4 Nc6 3. d5 Nce7 4. Nf3 Ng6 5. Nc3 Bb4 6. Bd2 Nf6 7. Bd3 d6 8. h3 0-0 9. 0-0 h6 10. a3 Bc5 11. Be3 Bxe3 12. fxe3 Nh5 13. Ne2 Qf6 14. g4 Qg5 15. Nxg5 1-0

[Event "GER-ch U25-B"]
[Site "Willingen"]
[Date "2016.05.19"]
[Round "7"]
[White "Ott, Linda"]
[Black "Rautenberg, Jakob"]
[Result "1/2-1/2"]
[WhiteElo "1057"]
[BlackElo "1281"]
[PlyCount "41"]
[EventDate "2016.05.15"]
[EventType "swiss"]
[EventRounds "9"]
[EventCountry "GER"]
[SourceTitle "CBM 172 Extra"]
[Source "ChessBase"]
[SourceDate "2016.06.21"]
[SourceVersion "1"]
[SourceVersionDate "2016.06.21"]
[SourceQuality "1"]

1. e4 e5 2. Nf3 Nc6 3. Bb5 a6 4. Ba4 Nf6 5. d3 b5 6. Bb3 Be7 7. 0-0 d6 8. c3 0-0 9. Re1 Bg4 10. h3 Bh5 11. Nbd2 Na5 12. Bc2 c5 13. Nf1 Nc6 14. Ng3 Bg6 15. Nh4 Re8 16. Ngf5 Bf8 17. Qf3 Bxf5 18. Nxf5 g6 19. Qg3 Nh5 20. Qg4 Qc8 21. Re3 1/2-1/2

[Event "GER-ch U25-B"]
[Site "Willingen"]
[Date "2016.05.15"]
[Round "2"]
[White "Zimmer, Claudius"]
[Black "Ott, Linda"]
[Result "1-0"]
[WhiteElo "1395"]
[BlackElo "1057"]
[PlyCount "27"]
[EventDate "2016.05.15"]
[EventType "swiss"]
[EventRounds "9"]
[EventCountry "GER"]
[SourceTitle "CBM 172 Extra"]
[Source "ChessBase"]
[SourceDate "2016.06.21"]
[SourceVersion "1"]
[SourceVersionDate "2016.06.21"]
[SourceQuality "1"]

1. e4 e5 2. Nf3 Nc6 3. d4 exd4 4. Bc4 Bb4+ 5. c3 dxc3 6. 0-0 Nh6 7. Nxc3 Qf6 8. Nd5 Qd6 9. Bf4 Qg6 10. Nxc7+ Kf8 11. Nxa8 d6 12. a3 Bh3 13. Bg3 Bg4 14. axb4 1-0